| 000 | 00482nam a2200193Ia 4500 | ||
|---|---|---|---|
| 008 | 160404s9999 xx 000 0 und d | ||
| 050 | _aFIL HF 5661 | ||
| 050 | _b.V35 1994 | ||
| 100 | _aValix, Conrado T. | ||
| 245 | _aCPA examination theory of accounts / | ||
| 245 | _cConrado T. Valix. | ||
| 260 | _aManila : | ||
| 260 | _bGIC Enterprises,. Inc., | ||
| 260 | _c1994 | ||
| 300 | _a613 pages : | ||
| 300 | _billustrations ; | ||
| 300 | _c22 cm. | ||
| 650 | _aAccounting. | ||
| 999 |
_c293222 _d293222 |
||